ARRUPE JESUIT UNIVERSITY

CORONAVIRUS -STOP THE SPREAD - CLEAN,DISINFECT,COVER

The New Strong's exhaustive concordance of the Bible : (Record no. 131610)

MARC details
000 -LEADER
fixed length control field 01339cam a2200325 a 4500
001 - CONTROL NUMBER
control field 4732937
003 - CONTROL NUMBER IDENTIFIER
control field ARRUPE
005 - DATE AND TIME OF LATEST TRANSACTION
control field 20221130092127.0
008 - FIXED-LENGTH DATA ELEMENTS--GENERAL INFORMATION
fixed length control field 840723s1984 tnu d 000 0 eng
010 ## - LIBRARY OF CONGRESS CONTROL NUMBER
LC control number 84016562
020 ## - INTERNATIONAL STANDARD BOOK NUMBER
International Standard Book Number 0840753608
028 ## - PUBLISHER NUMBER
Source Arrupe
040 ## - CATALOGING SOURCE
Original cataloging agency DLC
Transcribing agency DLC
Modifying agency DLC
041 0# - LANGUAGE CODE
Language code of text/sound track or separate title enggrcheb
050 00 - LIBRARY OF CONGRESS CALL NUMBER
Classification number BS425
Item number .S8 1984
082 00 - DEWEY DECIMAL CLASSIFICATION NUMBER
Classification number 220.5/2033
Edition number 19
300 ## - PHYSICAL DESCRIPTION
Dimensions 29 cm.
100 1# - MAIN ENTRY--PERSONAL NAME
Personal name Strong, James,
Dates associated with a name 1822-1894.
9 (RLIN) 24129
240 10 - UNIFORM TITLE
Uniform title <a href="New exhaustive concordance of the Bible">New exhaustive concordance of the Bible</a>
245 14 - TITLE STATEMENT
Title The New Strong's exhaustive concordance of the Bible :
Remainder of title with main concordance, appendix to the main concordance, key verse comparison chart, dictionary of the Hebrew Bible, dictionary of the Greek Testament /
Statement of responsibility, etc James Strong.
260 ## - PUBLICATION, DISTRIBUTION, ETC. (IMPRINT)
Place of publication, distribution, etc Nashville :
Name of publisher, distributor, etc T. Nelson Publishers,
Date of publication, distribution, etc c1984.
300 ## - PHYSICAL DESCRIPTION
Extent vi, 1260, 85, 243, 126, 79 p. ;
500 ## - GENERAL NOTE
General note Rev. ed. of: Exhaustive concordance of the Bible / James Strong.
630 00 - SUBJECT ADDED ENTRY--UNIFORM TITLE
Uniform title Bible
General subdivision Concordances, English.
9 (RLIN) 52131
650 #0 - SUBJECT ADDED ENTRY--TOPICAL TERM
Topical term or geographic name as entry element Hebrew language
General subdivision Dictionaries
-- English.
9 (RLIN) 52132
650 #0 - SUBJECT ADDED ENTRY--TOPICAL TERM
Topical term or geographic name as entry element Greek language, Biblical
General subdivision Dictionaries
-- English.
9 (RLIN) 52133
700 1# - ADDED ENTRY--PERSONAL NAME
Personal name Strong, James,
Dates associated with a name 1822-1894.
Title of a work Exhaustive concordance of the Bible.
9 (RLIN) 52134
740 0# - ADDED ENTRY--UNCONTROLLED RELATED/ANALYTICAL TITLE
Uncontrolled related/analytical title New exhaustive concordance of the Bible.
906 ## - LOCAL DATA ELEMENT F, LDF (RLIN)
a 7
b cbc
c orignew
d 1
e ocip
f 19
g y-gencatlg
942 ## - ADDED ENTRY ELEMENTS (KOHA)
Source of classification or shelving scheme Library of Congress Classification
Koha item type REFERENCE
Holdings
Withdrawn status Lost status Source of classification or shelving scheme Damaged status Not for loan Home library Current library Shelving location Date acquired Total Checkouts Full call number Barcode Date last seen Price effective from Koha item type
    Library of Congress Classification     ARRUPE LIBRARY ARRUPE LIBRARY REFERENCE 30/11/2022   BS425 .S8 1984 46700000141 30/11/2022 30/11/2022 REFERENCE

 

Arrupe Library. PO Box MP320 Mt Pleasant, Harare, Zimbabwe
263 242 745411|librarian@aju.ac.zw